Porovnanie investičnej pomoci v Slovenskej republike a Českej republike
Krajiny a štátne stimuly poskytované investorom. Investičná pomoc a ukazovatele v SR a ČR. Fiškálne a finančné stimuly.
Uložené v:
| Hlavný autor: | |
|---|---|
| Médium: | Kapitola |
| Jazyk: | Slovak |
| Predmet: | |
| Tagy: |
Žiadne tagy, Buďte prvý, kto otaguje tento záznam!
|
MARC
| LEADER | 00000naa a2200000 4500 | ||
|---|---|---|---|
| 001 | 0261613 | ||
| 005 | 20240717090804.4 | ||
| 041 | 0 | |a slo | |
| 044 | |a SK | ||
| 245 | 1 | 0 | |a Porovnanie investičnej pomoci v Slovenskej republike a Českej republike |
| 520 | |a Krajiny a štátne stimuly poskytované investorom. Investičná pomoc a ukazovatele v SR a ČR. Fiškálne a finančné stimuly. | ||
| 610 | 2 | 0 | |a Slovensko |
| 610 | 2 | 0 | |a Česko |
| 610 | 2 | 0 | |a porovnanie štatistické medzinárodné |
| 610 | 2 | 0 | |a pomoc štátna |
| 610 | 2 | 0 | |a investície |
| 610 | 2 | 0 | |a stimuly |
| 100 | 1 | |a Barlašová, Terézia | |